000 00560nam a2200205Ia 4500
005 20250923144346.0
008 008 250917s9999 xx 000 0 eng d
037 _aTextual
040 _aDSWL
_beng
_cDSWL
041 _aeng
_2eng
084 _aXxM77:9, H8
_qDSWL
100 _aMyint, HLA
_9824065
245 0 _aTheories of welfare economics
_cby HLA Myint
260 _aLondon
_bLongmans Green
_c1948
300 _a240 p.
365 _aINR
_b15
925 _g15
942 _cTEXL
_hXxM77:9, H8
999 _c1437870
_d1437870